| 000 | 00441nam a2200169 a 4500 | ||
|---|---|---|---|
| 005 | 20140412111423.0 | ||
| 008 | 080122s19uu xx 00 eng d | ||
| 020 | _a983-148-094-5 | ||
| 050 |
_aER _bCi48 2006 |
||
| 100 | _aWalsh, Ursula | ||
| 245 |
_aCinderella / _cUrsula Walsh. |
||
| 260 |
_aMalaysia : _bKohwai & Young, _c2004. |
||
| 300 | _a16p. | ||
| 440 | _aFavourite fairy tales series | ||
| 650 | _aFairy tales | ||
| 999 |
_c106109 _d106109 |
||